Biotechnology and the improvement of forage legumes. (Record no. 9339)

MARC details
000 -LEADER
fixed length control field 00534nam a22001817a 4500
003 - CONTROL NUMBER IDENTIFIER
control field OSt
005 - DATE AND TIME OF LATEST TRANSACTION
control field 20240828155831.0
008 - FIXED-LENGTH DATA ELEMENTS--GENERAL INFORMATION
fixed length control field 240828b |||||||| |||| 00| 0 eng d
020 ## - INTERNATIONAL STANDARD BOOK NUMBER
International Standard Book Number 0851991092
040 ## - CATALOGING SOURCE
Transcribing agency MUST
Modifying agency MUST
100 ## - MAIN ENTRY--PERSONAL NAME
Personal name McKersie B.D
9 (RLIN) 19084
245 ## - TITLE STATEMENT
Title Biotechnology and the improvement of forage legumes.
260 ## - PUBLICATION, DISTRIBUTION, ETC. (IMPRINT)
Place of publication, distribution, etc. New York
Name of publisher, distributor, etc. CAB INTERNATIONAL
Date of publication, distribution, etc. 1997
300 ## - PHYSICAL DESCRIPTION
Extent ix,444p.
Other physical details pictures,ill.
Dimensions 24cm.
500 ## - GENERAL NOTE
General note Biotechnology of forage legumes.
650 ## - SUBJECT ADDED ENTRY--TOPICAL TERM
Source of heading or term Biotechnology of forage legumes.
942 ## - ADDED ENTRY ELEMENTS (KOHA)
Source of classification or shelving scheme Dewey Decimal Classification
Koha item type Open Shelf
Holdings
Withdrawn status Lost status Source of classification or shelving scheme Damaged status Not for loan Home library Current library Date acquired Inventory number Total Checkouts Full call number Barcode Date last seen Copy number Price effective from Koha item type
    Dewey Decimal Classification     MUST Main Library MUST Main Library 28/08/2024 03/18055   633.3BIO1997 2024-22291 28/08/2024 2024-22291 28/08/2024 Open Shelf